LEADER 01367nam a2200277 i 4500 001 000000088273 003 CaOOAMICUS 005 20131128000000.0 008 131128s1960 xx u000 u und u 013 $a60513 040 $aSeMil$bita 100 1 $aCalonghi, Luigi <1921-2005>.$0(OLS)http://semarc/name/9505 245 10$aDon Bosco educatore, oggi :$bPubblicazione dell'Ist. Sup. di Pedagogia. Documenti di storia e vita salesiana. 260 $aTorino :$bP.A.S. Verlag,$c1960. 300 $a208 p. 600 14$aBosco, Giovanni .$0(OLS)http://semarc/subject/3727 650 4$aGiovani - Educazione.$0(OLS)http://semarc/subject/5681 700 1 $aGianola, Pietro <1923- >.$0(OLS)http://semarc/name/36097 700 1 $aSinistrero, Vincenzo.$0(OLS)http://semarc/name/20605 700 1 $aGrasso, Pier Giovanni.$0(OLS)http://semarc/name/38986 700 1 $aBraido, Pietro,$c.$0(OLS)http://semarc/name/4486 700 1 $aNegri, Gian Carlo,$c.$0(OLS)http://semarc/name/28900 850 $aSeMil 852 $aSeMil$W1$xVenegono$y1$m126 3 2 *$j51598$B51598$CSeMilBibl$Z2$F55872 $81 996 $6245$aDon Bosco educatore, oggi :$bPubblicazione dell'Ist. Sup. di Pedagogia. Documenti di storia e vita salesiana$9(OLS)http://semarc/title/134232 996 $6260$aTorino :$bP.A.S. Verlag$9(OLS)http://semarc/publisher/43522 LEADER 01057nam a2200241 i 4500 001 000000108091 003 CaOOAMICUS 005 20041228000000.0 008 041228s1989 it u000 u ita u 013 $a80657 040 $aSeMil$bita 100 1 $aMilesi, Giorgio.$0(OLS)http://semarc/name/45411 245 10$aDizionario degli incisori /$cGiorgio Milesi ; saggio di bibliografia ragionata a cura di Paolo Bellini. 260 $aBergamo :$bMinerva Italica,$cstampa 1989. 300 $a362 p. :$briccamente ill. ;$c28 cm. 500 $aContiene : Appendice ; Bibliografia essenziale. 650 4$aIncisori - Sec. 15.-19. - Enciclopedie e dizionari.$0(OLS)http://semarc/subject/19012 700 1 $aBellini, Paolo.$0(OLS)http://semarc/name/26985 850 $aSeMil 852 $aSeMil$W1$xVenegono$y1$m5O XVI 32$j64187$B64187$CSeMilBibl$Z2$F90813 $81 961 $aLascito: Bidoglio don Maurizio 996 $6245$aDizionario degli incisori$9(OLS)http://semarc/title/156665 996 $6260$aBergamo :$bMinerva Italica$9(OLS)http://semarc/publisher/43480